PRVNÍ KNIHA VIKINGA VIKA / DRUHÁ KNIHA VIKINGA VIKA / Runer Jonsson

Bibliographic Details
Main Author: Stuchl, Vladimír, 1922-1990 (Author)
Format: Article
Language:Czech

MARC

LEADER 00000nab a2200000uu 4500
001 vtls011506844
003 SK-MaSNL
005 20260304013333.0
008 211119|1977 xo |||||||||||||||||cze|
015 |a SNBRB 
035 |a (urnnbn)urn:nbn:sk:snk:ar-a0aw8q 
035 |a (uuid)c3222da5-2aea-439d-a826-5c0021e2469c 
035 |a urn:nbn:sk:snk-abdzxn 
040 |a SNKBUCL  |b slo  |c SNKBUCL  |e AACR2 
041 0 |a cze 
044 |a xo  |c SK 
100 1 |a Stuchl, Vladimír,  |d 1922-1990  |4 aut  |9 249358 
245 1 0 |a PRVNÍ KNIHA VIKINGA VIKA / DRUHÁ KNIHA VIKINGA VIKA / Runer Jonsson  |c Vladimír Stuchl 
773 0 |t Zlatý máj : kritická revue tvorby pro mládež  |g Roč. 21, č. 9 (1977), s. 642-643 
958 |a OND 
958 |a article20 
999 |c 2575358  |d 2577288